Palm oil-based polyurethane adhesives /
Saved in:
| Main Author: | |
|---|---|
| Format: | Thesis Book |
| Language: | English |
| Published: |
2010.
|
| Subjects: | |
| Tags: |
Add Tag
No Tags, Be the first to tag this record!
|
| LEADER | 00842cam a2200265 a 4500 | ||
|---|---|---|---|
| 001 | u850193 | ||
| 003 | SIRSI | ||
| 005 | 201201261632 | ||
| 008 | 120126s2010 my a t 000 0 eng m | ||
| 040 | |a UMM | ||
| 090 | |a QD3 |b UM 2010 Lee | ||
| 100 | 1 | |a Lee, Sook Chin. | |
| 245 | 1 | 0 | |a Palm oil-based polyurethane adhesives / |c Lee Sook Chin. |
| 260 | |c 2010. | ||
| 300 | |a xiv, 111 leaves : |b ill. ; |c 30 cm. | ||
| 502 | |a Dissertation (M.Sc.) -- Jabatan Kimia, Fakulti Sains, Universiti Malaya, 2011. | ||
| 504 | |a Bibliography: leaves 106-111. | ||
| 650 | 0 | |a Polyurethanes. | |
| 650 | 0 | |a Adhesives. | |
| 650 | 0 | |a Palm-oil. | |
| 650 | 0 | |a Sealing compounds. | |
| 710 | 2 | |a Universiti Malaya. |b Jabatan Kimia. | |
| 900 | |a NHS | ||
| 596 | |a 1 | ||
| 999 | |a QD3 UM 2010 LEE |w LC |c 1 |i A515040818 |d 29/6/2012 |f 29/6/2012 |g 1 |l STACKS |m P01UTAMA |r Y |s Y |t TESIS |u 28/6/2012 | ||
